| 000 | 00461nam a2200133Ia 4500 | ||
|---|---|---|---|
| 008 | 230222s9999||||xx |||||||||||||| ||und|| | ||
| 020 | _a9966777202 | ||
| 040 | _cChuka University Library | ||
| 050 |
_aTHE HQ 777.5 _bN35 2015 |
||
| 100 |
_aKiura, Benson Gituma _97459 |
||
| 245 | 0 | _aEvaluating constituency bursary funding as a method of financing secondary education.:A case of Nithi constituency,Kenya | |
| 260 |
_aChuka University _bChuka _c2015 |
||
| 942 | _cBK | ||
| 999 |
_c12469 _d12469 |
||